000 00661nam a2200205 u 4500
001 83050
003 BD-RjUL
005 20240212103642.0
008 240212s1930 ii 000 0 eng d
035 _a(BD-RjUL)83050
040 _aNNL
_beng
_cBD-RjUL
041 0 _aeng
_aper
082 _223
_a491.535
_bSAM 1930
100 1 _aSalemann, Carl,
_d1849-1916
_911657
245 1 2 _aA Middle-Persian grammar /
_cby C. Salemann ; translated from German by L. Bogdanov.
260 _aBombay :
_bTrustees of the Parsee Punchayet Funds and Properties,
_c1930.
300 _axii, vii, 133 leaves ;
_c24 cm.
650 4 _aPahlavi language
_xGrammar
_911658
942 _2ddc
_cBK
999 _c83050
_d83050